000 00534nam a2200169Ia 4500
008 090711s9999 xx 000 0 und d
082 _b3531
100 _aआयरे ला. उाgऎ.
245 _aस्वराज्यरवि
260 _bवसुंधरा प्रकाशन
_c1951
300 _a78
600 _aआयरे ला. उाgऎ.
630 _aस्वराज्यरवि
700 _aआयरे ला. उाgऎ.
730 _aस्वराज्यरवि
942 _cBOOK
999 _c305476
_d305476